000 00719nam a2200289Ia 4500
005 20260324121759.0
008 008 260324s9999 xx 000 0 eng d
020 _a9781315887579
037 _aEBOOK
040 _aCRL
040 _beng
040 _cCRL
041 _2eng
041 _aeng
084 _qCRL
100 _aKa-Ho Mok; Maggie K. W. Lau
_91163852
245 0 _aManaging Social Change and Social Policy in Greater China
245 0 _bWelfare Regimes in Transition
260 _bTaylor and Francis
260 _c2013
365 _a
365 _b160
856 _uhttp://www.taylorfrancis.com/books/9781315887579
942 _cEBOOK
999 _c1756157
_d1756157